Oceňovanie majetku a záväzkov
Pri oceňovaní majetku a záväzkov postupuje ÚJ podľa zákona č. 431/2002 Z. z. o účtovníctve v znení neskorších predpisov § 24-§ 27 a z zmysle opatrenia č. 23 054/2002-92. Moment oceňovania. Oceňovanie ku dňu uskutočnenia účtovného prípadu Dlhodobý hmotný majetok. Oceňovanie ku dňu, ku ktorému sa zost...
Guardado en:
| Autor principal: | |
|---|---|
| Formato: | Capítulo de libro |
| Lenguaje: | eslovaco |
| Materias: | |
| Etiquetas: |
Sin Etiquetas, Sea el primero en etiquetar este registro!
|
MARC
| LEADER | 00000nla$a2200000$$$4500 | ||
|---|---|---|---|
| 001 | 0084713 | ||
| 005 | 20240502071946.9 | ||
| 041 | 0 | |a slo | |
| 044 | |a SK | ||
| 245 | 1 | 0 | |a Oceňovanie majetku a záväzkov |c Jitka Meluchová |
| 520 | |a Pri oceňovaní majetku a záväzkov postupuje ÚJ podľa zákona č. 431/2002 Z. z. o účtovníctve v znení neskorších predpisov § 24-§ 27 a z zmysle opatrenia č. 23 054/2002-92. Moment oceňovania. Oceňovanie ku dňu uskutočnenia účtovného prípadu Dlhodobý hmotný majetok. Oceňovanie ku dňu, ku ktorému sa zostavuj účtovná závierka resp. k inému dňu. Ocenenie reálnou hodnotou. | ||
| 610 | 2 | 0 | |a oceňovanie |
| 610 | 2 | 0 | |a majetok |
| 610 | 2 | 0 | |a záväzky |
| 610 | 2 | 0 | |a legislatíva |
| 100 | 1 | |a Meluchová, Jitka, 1965- | |